| 000 | 00364nam a22001577a 4500 | ||
|---|---|---|---|
| 020 | _a9781498748209 | ||
| 040 | _cNUST | ||
| 082 | _a621.46 BOL | ||
| 100 |
_aBoldea, Ion _984196 |
||
| 110 |
_aNasar, S.A _984197 |
||
| 245 | _aElectric Drives | ||
| 250 | _a3rd | ||
| 260 |
_aLONDON: _bCRC Press, _c2017. |
||
| 650 |
_aElectric Driving. _984198 |
||
| 942 |
_2ddc _cBK |
||
| 999 |
_c586766 _d586766 |
||